| 000 | 00881nam a22002777a 4500 | ||
|---|---|---|---|
| 003 | DO-SdBNP | ||
| 005 | 20250606140156.0 | ||
| 007 | ta | ||
| 008 | 210412e2018 dr ||||gr|||| 001 0dspa d | ||
| 020 | _a9789945091090 | ||
| 040 |
_aDO-SdBNP _bspa _cBNPHU _erda |
||
| 041 | _hspa | ||
| 082 | 4 |
_bE561h _222 _a920.71 |
|
| 100 | 1 |
_aEncarnación, Alejandro. _d1990- _978360 |
|
| 245 | 1 | 3 |
_aHacia dónde voy / _cJoan Encarnación. |
| 260 |
_aSanto Domingo : _bRenet Copias, _c2018. |
||
| 300 |
_a239 p. ; _c20 cm. |
||
| 500 | _aIncluye datos biográficos del autor en la contracubierta. | ||
| 590 | _aInventariado, 2021/MFF | ||
| 600 | 1 | 4 |
_aEncarnación. Joan, _d1990- _979056 |
| 650 | 0 |
_aAutorrealización (Psicología) _9211 |
|
| 650 | 0 |
_aVida cristiana _9668 |
|
| 651 | 4 |
_aRepública Dominicana _vBiografías _91083 |
|
| 910 | _aValidado. Control de calidad MFF | ||
| 942 |
_2ddc _cLBS1 |
||
| 999 |
_c49717 _d49717 |
||